000
00264nam a22001217a 4500
008
180226b xxu||||| |||| 00| 0 eng d
041
_a
eng
080
_a
618
100
_a
48
101
_a
SOC
245
_a
SOARING ABOVDE SETBACKS
_c
JANET.H.B
942
_2
udc
_c
BK
999
_c
43468
_d
43468